000 00314nam a22001337a 4500
008 171030b xxu||||| |||| 00| 0 eng d
020 _a066906721
041 _aeng
080 _a338.5
100 _a57
101 _aqmi
245 _aTHE FUTURE OF INTERNATIONAL MONETARY SYSTEMS
_cTAMIR.A
942 _2udc
_cBK
999 _c36458
_d36458